Jusqu'où irez vous ? #1 (Culture Générale) - Statistiques

Statistiques générales
  • Ce quiz a été pris 314 fois
    305 depuis la dernière actualisation
  • Le résultat moyen est 11 sur 35
Statistiques - réponses
Hint Réponse % Correct
10+10 = ?? 20
100%
Le nombre d’heures dans un jour = ?? 24
99%
Le nombre de jours dans les mois d'avril, juin, septembre et novembre = ?? 30
96%
La température moyenne du corps humain en °C = ?? 37
91%
Quatre douzaines = ?? 48
90%
Au tennis de table, le set est gagné par le premier joueur à atteindre ?? points 11
79%
Le nombre total de dents pour un humain adulte, incluant les dents de sagesse = ?? 32
72%
Le nombre de jours du cycle des ovulations chez la femme (précision : durée moyenne du cycle menstruel ici demandé) = ?? 28
54%
Le nombre de jours que comporte février dans une année bissextile = ?? 29
54%
Numéro de département des Côtes-d'Armor = ?? 22
41%
Le nombre d'années de mariage des noces d'argent = ?? 25
38%
La valeur, au tennis, du troisième point marqué d'un jeu = ?? 40
34%
XLII = ?? 42
32%
Chanson de Georges Coulonges et Jean Ferrat, La Fête aux copains, 1962 : ??, c'est fou c'que t'es triste Quand sur un édifice T'es suivi de 18 ??, c'est fou c'que t'es gai Quand au calendrier T'es suivi de Juillet 14
23%
Le seul cube parfait (entre 11 et 50) = ?? 27
18%
Série de bande dessinée relatant l’opération Overlord en Normandie : Normandie juin ?? 44
16%
Film de Terry Gilliam (1995) avec Bruce Willis et Madeleine Stowe : L'armée des ?? singes 12
15%
Aux États-Unis, la dénomination du billet en $ US où figure le portrait d'Ulysses S. Grant, la dénomination des bons d'épargne où figure le portrait de George Washington, et la dénomination des bons du trésor où figure le portrait de Thomas Jefferson : ?? 50
15%
Nombre qui est un des trois "bouts" au tarot avec le 1 et l'excuse = ?? 21
13%
Préfixe latin quadragintiquinque : ?? 45
11%
Le nombre de chromosomes chez l'être humain : ?? 46
11%
L'équipe de football américain de San Francisco : Les ??rs 49
11%
Peut signifier "Adolf Hitler". Les "néo-nazis" s'en servent parfois comme symbole, bien que « 88 » soit bien plus utilisé : ?? 18
8%
La chanson interprétée par Fredericks Goldman Jones en 1990 : Né en ?? à Leidenstadt 17
7%
Le nombre de pions que chaque côté possède au début d'un jeu de backgammon : ?? 15
6%
Le nombre qui s'exprime comme la somme des six premiers nombres premiers = ?? 41
6%
Le nombre de grades du rite écossais ancien et accepté en franc-maçonnerie = ?? 33
5%
L'indicatif téléphonique international pour appeler l'Espagne = ?? 34
5%
Le nombre d'emplacements dans une roulette américaine = ?? 38
5%
Procès politique des dirigeants de la Résistance intérieure polonaise, tenu à Moscou en Union soviétique du 18 au 21 juin 1945 : Procès des ?? 16
4%
Film de 2007, réalisé par Joel Schumacher : Le Nombre ?? 23
4%
L'âge minimum (en années) des candidats aux élections de président des États-Unis ou président de l'Irlande = ?? 35
4%
Sur un piano standard, le nombre de touches noires = ?? 36
4%
Le titre d'un film d'Alfred Hitchcock : Les ?? marches (1935) 39
3%
Le nombre de balles sous lesquelles Pancho Villa succomba en 1923 : ?? 47 BRAVO
2%
Aucun quiz correspondant
Distribution des résultats
% des personnes avec chaque résultat
Percentile par nombre de réponses
Votre historique - résultats
Vous n’avez pas pris ce quiz depuis la dernière actualisation